Object development methods

Αποθηκεύτηκε σε:
Λεπτομέρειες βιβλιογραφικής εγγραφής
Άλλοι συγγραφείς: Carmichael, Andy (Επιμελητής έκδοσης)
Μορφή: Βιβλίο
Γλώσσα:English
Δημοσίευση: New York : Sigs Books, c1994
Σειρά:Advances in object technology
Θέματα:
Ετικέτες: Προσθήκη ετικέτας
Δεν υπάρχουν, Καταχωρήστε ετικέτα πρώτοι!

MARC

LEADER 00000nam a2200000 i 4500
001 1/47312
008 980119s1994 eng d
020 |a 0-9627477-9-3 
035 |l 10026476 
040 |a GR-MY-UA  |b gre  |e aacr 
041 0 |a eng 
082 0 |a 005.12 
245 1 0 |a Object development methods /  |c edited by: Andy Carmichael 
260 |a New York :   |b Sigs Books,   |c c1994 
300 |a xvi, 347 p. 
490 1 |a Advances in object technology 
504 |a Includes bibliographical references and index 
650 0 0 |a Object-oriented methods (Computer science) 
700 1 |a Carmichael, Andy.  |4 edt 
830 0 |a Advances in object technology 
852 |a INST  |b CHIOS  |e 19980119  |h 005.12 OBJ  |p 005200010099  |q 005200010099  |t BK  |y 0 
901 |a BIBL-1998-1 
909 |a Χ  |b 052566 
922 |a 2ΕΛΗ  |b 199712  |c ΣΑΚΕΛΛΑΡΙΔΗΣ  |d ΠΑΠΑΣΩΤΗΡΙΟΥ